000 00681nam a2200241Ia 4500
003 OSt
005 20221005065741.0
006 a|||||r|||| 00| 0
007 ta
008 221004b |||||||| |||| 00| 0 eng d
024 _a121813
037 _bGift, 06/10/2012,
_cTextual
040 _aCRL
_cCRL
_beng
041 _2eng
_aeng
082 _aO142,3N05,AQ, 111J9
100 _aSholokhov Mikhail
245 0 _aAnd quiet flows the don
260 _aMoscow
_bProgress Pub
_c1959
300 _a398p.
_ccm.
650 _aRUSSIAN LITERATURE
942 _hO142,3N05,AQ, 111J9
_cTEXL
_2cc
999 _c975127
_d975127